000
00244 a2200097 4500
001
72393
082
_a
669.9 GUP
090
_c
38831
_d
38831
100
_a
Gupta, O. P.
245
_a
Metallurgical engineering
_b
objective type questions and answers
942
_a
NUST CAE
_k
669.9 GUP
999
_c
307466
_d
307466